Revista Letras jurd̕icas revista de los investigadores del Instituto de Investigaciones Jurd̕icas U. V.

Detalles Bibliográficos
Autor Corporativo: Universidad Veracruzana (Veracruz, Mx̌ico). Instituto de Investigaciones Jurd̕icas
Formato: Desconocido
Lenguaje:español
Publicado: Veracruz : Instituto de Investigaciones Jurd̕icas, Universidad Veracruzana
Materias:
Acceso en línea:Acceso restringido

MARC

LEADER 00000ny a22000003n 4500
005 20110517142330.0
008 030124c20109999mx fr p 0 |spa
022 |a 1665-1529 
035 |a 2465 
040 |a USA.SABUS  |d vLex 
090 |c 2041  |d 2041 
245 0 0 |a Revista Letras jurd̕icas  |h [Recurso electrn̤ico]  |b revista de los investigadores del Instituto de Investigaciones Jurd̕icas U. V. 
246 3 0 |a Letras jurd̕icas  
256 |a Servicio en ln̕ea 
260 |a Veracruz :  |b Instituto de Investigaciones Jurd̕icas, Universidad Veracruzana 
310 |a Semestral 
362 0 |a N. 1 (en.-jun. 2000) 
506 1 |a Contenido solo disponible en los productos indicados  |d vLex Global  |d vLex Global (Academic Edition, excluding Law Schools)  |d vLex Global (U.S. Academic Edition, Law Schools)  |d vLex Global (U.S. Academic Edition, excluding Law Schools)  |d vLex Global (Academic Edition, Law Schools) 
650 0 4 |a Derecho  |x Publicaciones perid̤icas  
710 2 |a Universidad Veracruzana (Veracruz, Mx̌ico).   |b Instituto de Investigaciones Jurd̕icas 
740 0 |a vLex Revista (Servicios en ln̕ea) 
843 |a Electrn̤ica. Abierta 
853 |8 1  |i (year)  |j (month)  |k (day) 
856 4 0 |z Acceso restringido  |u http://vlex.com/source/revista-letras-juridicas-2465 
942 |c REV 
999 0 4 |a Derecho  |v Publicaciones perid̤icas